| 000 | 01451namaa22003251i 4500 | ||
|---|---|---|---|
| 005 | 20260408131331.0 | ||
| 008 | 260222s1994 ua a|||fr|m|| 000 0 eng d | ||
| 040 |
_aEG-GICUC _beng _cEG-GICUC _dEG-GICUC _erda |
||
| 041 | 0 |
_aeng _beng _bara |
|
| 049 | _aDeposit | ||
| 097 | _aM.Sc | ||
| 099 | _aCai01.13.05.M.Sc.1994.Om.C | ||
| 100 | 0 |
_aOmar Ahmed Elakkad , _epreparation. |
|
| 245 | 1 | 0 |
_aCost model for foundation in residential buildings cmfb / _cBy Omar Ahmed Elakkad ; Supervised By Prof.Dr. Mohamed El-Adawy Nasef, Dr. Moheeb El-Said Ibrahim, Dr. Mohamed Abdel-Lateaf Bakry |
| 246 | 1 | 5 | _aنموذج تكلفة للأساسات في العمارات السكنية |
| 264 | 0 | _c1994. | |
| 300 |
_a152 Pages : _billustrations ; _c25 cm. + |
||
| 336 |
_2rda content _atext |
||
| 337 |
_2rdamedia _aUnmediated |
||
| 338 |
_2rdacarrier _avolume |
||
| 502 | _aThesis (M.Sc.) -Cairo University, 1994 | ||
| 504 | _aBibliography: pages 148 : 152 | ||
| 653 | 0 |
_aCost model for foundation in residential _abuildings cmfb |
|
| 700 | 0 |
_aMohamed El-Adawy Nasef _ethesis advisor. |
|
| 700 | 0 |
_aMoheeb El-Said Ibrahim _ethesis advisor. |
|
| 700 | 0 |
_aMohamed Abdel-Lateaf Bakry _ethesis advisor. |
|
| 900 |
_DDepartment of Civil _FFaculty of Engineering _UCairo University _b1994 _cMohamed El-Adawy Nasef _cMoheeb El-Said Ibrahim _c Mohamed Abdel-Lateaf Bakry _dMohamed El-Adawy Nasef |
||
| 905 |
_aNagat _eNourhan |
||
| 942 |
_2ddc _cTH _e21 _n0 |
||
| 999 | _c178629 | ||